Lukissan bernyawa
| Main Author: | |
|---|---|
| Format: | Book |
| Published: |
Kuala Lumpur :
Utusan Publications & Distrubutors Sdn.Bhd. ,
1993
|
| Subjects: |
MARC
| LEADER | 00000cam a2200000 7i4500 | ||
|---|---|---|---|
| 001 | 0000000654 | ||
| 002 | 000000749 | ||
| 005 | 20000330.0 | ||
| 020 | |a 9676102849 | ||
| 090 | 0 | 0 | |a JF |b FAD |
| 100 | 0 | |a Fadzri Aris | |
| 245 | 1 | 0 | |a Lukissan bernyawa |c Fadzri Aris |
| 260 | |a Kuala Lumpur : |b Utusan Publications & Distrubutors Sdn.Bhd. , |c 1993 | ||
| 300 | |a 112p. ; |c 21cm. | ||
| 650 | 0 | 0 | |a Children's stories, Malay |
| 999 | |a 030421 |b BUKU |c YOUTH FICTION |e PERPUSTAKAAN KOMUNITI PETALING JAYA | ||